[Event "OP-2015-0-03621"]
[Site "LSS email"]
[Date "2015.01.16"]
[Round "?"]
[White "Meljnikova, Ekaterina"]
[Black "Cortez, Jayro"]
[Result "1-0"]
[WhiteElo "800"]
[BlackElo "800"]
[PlyCount "33"]
[EventDate "2015.01.10"]
[EventType "tourn (corr)"]
[EventRounds "4"]
[EventCountry "GER"]
[SourceTitle "Corr 2022"]
[Source "ChessBase"]
[SourceDate "2021.10.24"]
[SourceVersion "1"]
[SourceVersionDate "2021.10.24"]
[SourceQuality "1"]

1. e4 e5 2. Nf3 Nc6 3. Bb5 d6 4. 0-0 a6 5. Bxc6+ bxc6 6. d4 exd4 7. Nxd4 Bd7 8. Re1 Nf6 9. Qf3 c5 10. Nf5 Bxf5 11. exf5+ Be7 12. Qc6+ Nd7 13. f6 gxf6 14. Bh6 Rg8 15. Nc3 Rg6 16. Nd5 Rxh6 17. Rxe7+ 1-0

[Event "OP-2013-0-02726"]
[Site "LSS email"]
[Date "2013.04.12"]
[Round "?"]
[White "Cortez, Jayro"]
[Black "Tabudlong, Ronnie M"]
[Result "0-1"]
[WhiteElo "800"]
[BlackElo "1415"]
[PlyCount "36"]
[EventDate "2013.04.08"]
[EventType "tourn (corr)"]
[EventRounds "4"]
[EventCountry "GER"]
[SourceTitle "Corr 2015"]
[Source "ChessBase"]
[SourceDate "2015.07.17"]
[SourceVersion "1"]
[SourceVersionDate "2015.07.17"]
[SourceQuality "1"]

1. e4 c5 2. Nf3 d6 3. Bc4 Nf6 4. Nc3 Nc6 5. 0-0 e6 6. d3 a6 7. a3 b5 8. Ba2 Be7 9. d4 cxd4 10. Nxd4 Qc7 11. Nxc6 Qxc6 12. Re1 Bb7 13. f3 Nd7 14. Ne2 Ne5 15. Be3 Rc8 16. Nd4 Qd7 17. Rc1 0-0 18. Qe2 Nc4 0-1

[Event "SN-2013-0-00501"]
[Site "LSS email"]
[Date "2013.04.12"]
[Round "?"]
[White "Villar, Jeremias"]
[Black "Cortez, Jayro"]
[Result "1-0"]
[WhiteElo "982"]
[BlackElo "800"]
[PlyCount "25"]
[EventDate "2013.03.20"]
[EventType "tourn (corr)"]
[EventRounds "6"]
[EventCountry "GER"]
[SourceTitle "Corr 2015"]
[Source "ChessBase"]
[SourceDate "2015.07.17"]
[SourceVersion "1"]
[SourceVersionDate "2015.07.17"]
[SourceQuality "1"]

1. d4 Nf6 2. Nf3 e6 3. c4 d5 4. Nc3 Be7 5. cxd5 exd5 6. e3 0-0 7. Bd3 Bg4 8. h3 Bxf3 9. Qxf3 c6 10. 0-0 Nbd7 11. a4 a5 12. Re1 Qb6 13. Qe2 1-0